| 000 | 00432nam a2200181Ia 4500 | ||
|---|---|---|---|
| 008 | 210210b2014 xxu||||| |||| 00| 0 eng d | ||
| 020 | _a9780143423676 | ||
| 041 | _aeng | ||
| 082 | _a820.33 HARF | ||
| 100 | _aHARIHARAN (Githa) | ||
| 245 | _aFugitive history | ||
| 260 |
_aHaryana _bPenguin Books _c2014 |
||
| 300 | _ax,244 | ||
| 650 | _ahistory | ||
| 650 | _aFugitive | ||
| 690 | _aIndian English Fiction | ||
| 906 | _a069224 | ||
| 999 |
_c153335 _d153335 |
||